000 00289nam a2200133Ia 4500
008 190216s9999||||xx |||||||||||||| ||und||
100 _aBarton A W
245 2 _aA Text Book Of Heat
250 _a2nd Ed.
260 _bLongmans
_c1963
300 _a442
650 _aPhysics
942 _cBK
999 _c32730
_d32730